000 00743 a2200193 4500
020 _a0824740394
020 _a9780824740399
082 0 4 _a515.353
090 _c262
_d262
100 1 _aDemidenko, Gennadii V.
245 1 0 _aPartial differential equations and systems not solvable with respect to the highest-order derivative /
_cGennadii V. Demidenko, Stanislav V. Upsenskii.
260 _a[S.l.] :
_bCRC Press,
_c2003.
300 _a632 p. ;
_c25 cm.
490 1 _aPure and applied mathematics.
700 1 _aUpsenskii, Stanislav V.
830 0 _aPure and applied mathematics.
942 _aSNS
_cBK
_k515.3 DEM
999 _c28897
_d28897